000 00630nam a2200169 i 4500
001 184840
003 ES-MaACL
005 20251005063138.0
008 160204s1863 fr |||| | fre d
100 1 _aCasimir-Périer, Auguste,
_d1811-1876
_9158669
245 1 4 _aLes finances et la politique
_b: de l'influence des institutions politiques et de la législation financière sur la fortune publique /
_cCasimir Perier.
260 _aParis :
_bM. Lévy,
_c1863.
300 _aVII-359 p. ;
_c22 cm.
651 7 _aFrancia-
_xPolítica y gobierno-
_yS.XIX
_2
_9141165
852 _aES-MaACL
_jG-8171
999 _c184840
_d184840